| 000 | 00462nam a2200193Ia 4500 | ||
|---|---|---|---|
| 005 | 20240823020506.0 | ||
| 008 | 240823s9999||||xx |||||||||||||| ||und|| | ||
| 020 | _a0-07-059788-X | ||
| 041 | _aENGLISH | ||
| 082 | _A658.15 P5 | ||
| 100 | _a"Ross,Steven A [et al]" | ||
| 245 | 0 | _aCorporate Finance | |
| 250 | _a7th | ||
| 260 |
_c2005 _b"Tata Mcgraw Hill,New " |
||
| 500 | _aYES | ||
| 650 |
_aFinance _bManagement Studies |
||
| 942 | _cBK | ||
| 999 |
_c174882 _d174882 |
||